MULTIMEDIA SYSTEMS (Record no. 216606)

MARC details
000 -LEADER
fixed length control field 00487nam a22001697a 4500
008 - FIXED-LENGTH DATA ELEMENTS--GENERAL INFORMATION
fixed length control field 260224b |||||||| |||| 00| 0 eng d
020 ## - INTERNATIONAL STANDARD BOOK NUMBER
International Standard Book Number 978-3-6420-7412-7
100 ## - MAIN ENTRY--PERSONAL NAME
Personal name STEINMETZ, RALF
245 ## - TITLE STATEMENT
Title MULTIMEDIA SYSTEMS
260 ## - PUBLICATION, DISTRIBUTION, ETC.
Place of publication, distribution, etc. NEW YORK
Name of publisher, distributor, etc. SPRINGER-VERLAG BERLIN HEIDELBERG
Date of publication, distribution, etc. 2004
300 ## - PHYSICAL DESCRIPTION
Extent XVI, 466P.
500 ## - GENERAL NOTE
General note INCLUDES BIBLIOGRAPHICAL REFERENCES AND INDEX
650 ## - SUBJECT ADDED ENTRY
Topical term or geographic name entry element MLTIMEDIA SYSTEMS
700 ## - ADDED ENTRY--PERSONAL NAME
Personal name NAHRSTEDT, KLARA
942 ## - ADDED ENTRY ELEMENTS (KOHA)
Source of classification or shelving scheme Library of Congress Classification
Koha item type Long Loan Book
Holdings
Withdrawn status Lost status Source of classification or shelving scheme Damaged status Not for loan Collection Home library Current library Date acquired Inventory number Total checkouts Full call number Barcode Date last seen Copy number Price effective from Koha item type
    Library of Congress Classification     Science & Technology Kisii University Library Kisii University Library 02/24/2026 112067   QA 76.575 .S74 2004 a000296 02/24/2026 1 02/24/2026 Long Loan Book
    Library of Congress Classification     Science & Technology Kisii University Library Kisii University Library 02/24/2026 112068   QA 76.575 .S74 2004 a000295 02/24/2026 2 02/24/2026 Long Loan Book
    Library of Congress Classification     Science & Technology Kisii University Library Kisii University Library 02/24/2026 112069   QA 76.575 .S74 2004 a000294 02/24/2026 3 02/24/2026 Long Loan Book
    Library of Congress Classification     Science & Technology Kisii University Library Kisii University Library 02/24/2026 112070   QA 76.575 .S74 2004 a000297 02/24/2026 4 02/24/2026 Long Loan Book
    Library of Congress Classification     Science & Technology Kisii University Library Kisii University Library 02/24/2026 112071   QA 76.575 .S74 2004 a000298 02/24/2026 5 02/24/2026 Long Loan Book